[Event "Nova Gorica op-B 10th"]
[Site "Nova Gorica"]
[Date "2005.02.02"]
[Round "8"]
[White "Plaskan, Jure"]
[Black "Valic, Jakob"]
[Result "1-0"]
[WhiteElo "2031"]
[BlackElo "1507"]
[PlyCount "87"]
[EventDate "2005.01.28"]
[EventType "swiss"]
[EventRounds "9"]
[EventCountry "SLO"]
[SourceTitle "CBM 104 Extra"]
[Source "ChessBase"]
[SourceDate "2005.03.01"]
[SourceVersion "1"]
[SourceVersionDate "2005.03.01"]
[SourceQuality "1"]

1. e4 e5 2. Nf3 Nc6 3. Bb5 a6 4. Ba4 Nf6 5. 0-0 Be7 6. Re1 b5 7. Bb3 0-0 8. h3 d6 9. c3 Bb7 10. d4 exd4 11. cxd4 h6 12. Nc3 Na5 13. Bc2 c5 14. Qe2 Rc8 15. e5 dxe5 16. dxe5 Nd5 17. Nxd5 Qxd5 18. Rd1 Qc4 19. Bd3 Qe6 20. Bd2 b4 21. b3 Rfd8 22. Rac1 Bxf3 23. Qxf3 Qxe5 24. Bf4 Qf6 25. Qe4 g6 26. Bxa6 Qxa6 27. Qxe7 Re8 28. Rd6 Rxe7 29. Rxa6 Nb7 30. Bxh6 Nd8 31. Bg5 Rd7 32. Be3 Ne6 33. Kf1 Kf8 34. Ra5 Rd5 35. Rc4 Ke7 36. Rxb4 Rd1+ 37. Ke2 Rb1 38. Rb7+ Ke8 39. Raa7 Nd4+ 40. Bxd4 cxd4 41. Re7+ Kf8 42. Rxf7+ Ke8 43. Rh7 Rb2+ 44. Kf3 1-0

[Event "Nova Gorica op-B 10th"]
[Site "Nova Gorica"]
[Date "2005.02.01"]
[Round "7"]
[White "Valic, Jakob"]
[Black "Di Lazzaro, Gabriele"]
[Result "1/2-1/2"]
[WhiteElo "1507"]
[BlackElo "2012"]
[PlyCount "45"]
[EventDate "2005.01.28"]
[EventType "swiss"]
[EventRounds "9"]
[EventCountry "SLO"]
[SourceTitle "CBM 104 Extra"]
[Source "ChessBase"]
[SourceDate "2005.03.01"]
[SourceVersion "1"]
[SourceVersionDate "2005.03.01"]
[SourceQuality "1"]

1. e4 c5 2. Nf3 a6 3. c3 e6 4. Bc4 d5 5. exd5 exd5 6. Qe2+ Be7 7. Bb3 Nf6 8. 0-0 0-0 9. h3 Nc6 10. d3 Re8 11. Bg5 h6 12. Bh4 Bf5 13. Re1 Qd7 14. Bc2 Bg6 15. Qd1 Nh5 16. Bxe7 Rxe7 17. Rxe7 Qxe7 18. d4 Bxc2 19. Qxc2 cxd4 20. cxd4 Re8 21. Nc3 Qd7 22. Qa4 Nf6 23. Qc2 1/2-1/2

[Event "Nova Gorica op-B 10th"]
[Site "Nova Gorica"]
[Date "2005.01.31"]
[Round "6"]
[White "Padjen, Zdenko"]
[Black "Valic, Jakob"]
[Result "1/2-1/2"]
[WhiteElo "2069"]
[BlackElo "1507"]
[PlyCount "48"]
[EventDate "2005.01.28"]
[EventType "swiss"]
[EventRounds "9"]
[EventCountry "SLO"]
[SourceTitle "CBM 104 Extra"]
[Source "ChessBase"]
[SourceDate "2005.03.01"]
[SourceVersion "1"]
[SourceVersionDate "2005.03.01"]
[SourceQuality "1"]

1. e4 e5 2. Nf3 Nc6 3. Bb5 a6 4. Ba4 Nf6 5. 0-0 Be7 6. Bxc6 dxc6 7. d3 Bg4 8. Nbd2 0-0 9. h3 Bxf3 10. Nxf3 Nd7 11. Bd2 c5 12. Qe2 Bd6 13. a4 b6 14. g3 f6 15. Nh4 Kh8 16. Qg4 Qe8 17. f4 Qf7 18. b3 g6 19. Kg2 Rg8 20. fxe5 Bxe5 21. Rad1 b5 22. a5 c4 23. dxc4 bxc4 24. bxc4 Qxc4 1/2-1/2

[Event "Nova Gorica op-B 10th"]
[Site "Nova Gorica"]
[Date "2005.01.28"]
[Round "1"]
[White "Valic, Jakob"]
[Black "Belardinelli, Franco"]
[Result "1-0"]
[WhiteElo "1507"]
[BlackElo "2000"]
[PlyCount "82"]
[EventDate "2005.01.28"]
[EventType "swiss"]
[EventRounds "9"]
[EventCountry "SLO"]
[SourceTitle "CBM 104 Extra"]
[Source "ChessBase"]
[SourceDate "2005.03.01"]
[SourceVersion "1"]
[SourceVersionDate "2005.03.01"]
[SourceQuality "1"]

1. e4 c5 2. Nf3 d6 3. d4 cxd4 4. Nxd4 Nf6 5. Nc3 g6 6. Bc4 Bg7 7. 0-0 0-0 8. h3 Nc6 9. Nf3 a6 10. a4 Bd7 11. Bg5 Rc8 12. Qd2 Na5 13. Bd3 Nc4 14. Bxc4 Rxc4 15. e5 Ne8 16. Rad1 Bc6 17. Nd5 Bxd5 18. Qxd5 Qc7 19. Bxe7 Rc5 20. exd6 Rxd5 21. dxc7 Nxc7 22. Bxf8 Kxf8 23. c3 Ra5 24. Rfe1 Bf6 25. Rd7 Ne6 26. Rxb7 Rxa4 27. Ne5 Bxe5 28. Rxe5 Ra1+ 29. Kh2 Rd1 30. c4 Rc1 31. b3 h6 32. b4 Rxc4 33. Ra5 Rc6 34. Ra7 Nc7 35. Rc5 Rxc5 36. bxc5 Ne6 37. c6 Ke8 38. Rxa6 Kd8 39. Ra7 f6 40. Rf7 f5 41. Rf6 Ng5 1-0